Stabilita Eurozóny v kontexte makroekonomickej nerovnováhy

Makroekonomická nerovnováha vo svete. Makroekonomická nerovnováha v Európe. Dlhové problémy Eurozóny. Hroziaci kolaps Eurozóny.

Salvato in:
Dettagli Bibliografici
Autore principale: Ďurech, Richard
Natura: Capitolo di libro
Lingua:slovacco
Soggetti:
Tags: Aggiungi Tag
Nessun Tag, puoi essere il primo ad aggiungerne!!

MARC

LEADER 00000nla$a2200000$$$4500
001 0145437
005 20240502072622.5
041 0 |a slo 
044 |a SK 
245 1 0 |a Stabilita Eurozóny v kontexte makroekonomickej nerovnováhy  |c Richard Ďurech 
520 |a Makroekonomická nerovnováha vo svete. Makroekonomická nerovnováha v Európe. Dlhové problémy Eurozóny. Hroziaci kolaps Eurozóny. 
610 2 0 |a eurozóna 
610 2 0 |a stabilita hospodárstva 
610 2 0 |a rovnováha hospodárska 
610 2 0 |a bilancia platobná 
610 2 0 |a účty bežné 
610 2 0 |a nerovnováha hospodárska 
610 2 0 |a Európska menová únia 
100 1 |a Ďurech, Richard